000 01061nam a22002895a 4500
005 20240818093000.0
008 150701r20081999enka fr 001 0 eng d
020 _a9788126517299
040 _aEG-ScBUE
_beng
_cEG-ScBUE
_dEG-ScBUE
082 0 4 _222
_a543.0873
_bBAR
100 1 _aBarker, James
_c(Chemist)
_939302
245 1 0 _aMass spectrometry :
_banalytical chemistry by open learning /
_cJames Barker ; editor David J. Ando.
250 _a2nd ed., Reprint ed.
260 _aChichester :
_bJohn Wiley & Sons Ltd.,
_c2008.
300 _axxii, 509 p. :
_bill. ;
_c24 cm.
490 0 _aAnalytical Chemistry by Open Learning.
500 _aIndex : p. 505-509.
500 _aReprinted of the 2008 ed.
500 _aPublished on behalf of ACOL (University of Greenwich)
650 7 _2BUEsh
_aMass spectrometry.
_923022
653 _bENGGEN
_cJuly2015
_cFebruary2016
700 1 _aAndo, David J.,
_eeditor.
942 _2ddc
_hRDA-MOD
999 _c20100
_d20072
336 _2rdacontent
_atext
_btxt
337 _aunmediated
_2rdamedia
_bn
338 _avolume
_bnc
_2rdacarrier